[Event "5th Ordu Open 2019"]
[Site "Ordu"]
[Date "2019.04.29"]
[Round "1.10"]
[White "Unat, Can Haktan"]
[Black "Odeev, Handszar"]
[Result "0-1"]
[WhiteElo "2110"]
[BlackElo "2394"]
[Annotator "TA"]
[PlyCount "134"]
[EventDate "2019.04.29"]
[EventType "swiss"]
[EventCountry "TUR"]
[SourceTitle "playchess.com"]
[Source "ChessBase"]
[SourceQuality "1"]

{[%evp 9,134,-37,-35,-62,-65,-55,-54,-110,-105,-133,-143,-243,-224,-255,-258,-245,-137,-169,-60,-56,-64,-118,-104,-106,-115,-116,-112,-158,-146,-154,-164,-158,-136,-175,-161,-150,-158,-228,-152,-200,-172,-245,-248,-304,-293,-299,-298,-282,-283,-352,-342,-334,-322,-387,-371,-392,-385,-378,-370,-394,-258,-435,-434,-475,-460,-460,-458,-460,-438,-459,-434,-424,-406,-404,-406,-402,-382,-386,-378,-412,-408,-387,-386,-389,-385,-358,-308,-416,-416,-410,-410,-393,-352,-343,-339,-343,-333,-324,-308,-620,-606,-578,-295,-535,-550,-606,-606,-578,-516,-426,-355,-326,-199,-199,-199,-206,-206,-207,-207,-29968,-29971,-29971,-29972,-29968,-29970,-29976,-29977]} 1. d4 d5 2. Nc3 c5 3. e4 dxe4 4. d5 Nf6 5. Bf4 a6 6. Qd2 {D00: 1 d4 d5: Unusual lines} b5 $146 {[%cal Bb7b5,Bb5b4][%mdl 32]} ({Predecessor:} 6... g6 7. O-O-O Bg7 8. d6 Nc6 9. dxe7 Qxd2+ 10. Bxd2 Bf5 11. h3 h5 12. Be3 Nd7 13. Nd5 Rc8 14. Ne2 Nxe7 15. Nec3 Nc6 16. Bf4 {½-½ (16) Miladinovic,I (2572)-Nikolic,P (2669) Murska Sobota 2008}) 7. Rd1 Bb7 8. Qe3 (8. f3 $15) 8... Qa5 $17 (8... Bxd5 9. Nxd5 Nxd5 10. Qxe4 $16) 9. Qg3 Nbd7 10. a4 (10. Nh3 $17) 10... c4 $1 $19 (10... bxa4 11. Bd2 $17) 11. Bd2 {Strongly threatening Nxb5.} b4 12. Na2 Nxd5 ({Black should try} 12... Qxa4 $19 13. Nxb4 e5 14. dxe6 fxe6) 13. Bxc4 $17 N7b6 (13... Qxa4 14. Bxd5 Bxd5 15. Nxb4 $17) (13... e6 $19 {aiming for ...Rc8.} 14. Bb3 Bc6) 14. Bb3 $15 e6 15. c4 ({Better is} 15. Ne2 $15) 15... e3 16. fxe3 Nf6 $1 17. Nf3 Rc8 $36 {[%mdl 2048] Hoping for ...Ne4. Black is on the roll.} 18. O-O Ne4 $1 {[%cal Re4g3]} ({Not} 18... Nxc4 19. Bxc4 Bxf3 20. Qxf3 $16) (18... Nxa4 19. Bxb4 $1 {[%mdl 512]} Bxb4 20. Qxg7 $16) 19. Qe1 {[%cal Rd2b4]} Nxd2 ({Much weaker is} 19... Nxa4 $6 20. Bxb4 Bxb4 21. Nxb4 $11) 20. Qxd2 {and if Qd4 works, White does fine.} Be7 21. Qc2 O-O 22. Nc1 Qc5 23. Qf2 (23. Rd4 $17) 23... Bxf3 24. Qxf3 Bg5 25. Rd4 {[#]} (25. Rfe1 {was necessary.}) 25... e5 $1 $19 {[%cal Re5d4]} 26. Nd3 {[#]} Bxe3+ $1 {[%mdl 512]} 27. Qxe3 Qxd4 ({Don't take} 27... exd4 28. Qf4 $19) 28. Qxd4 exd4 29. Rc1 Rfe8 30. c5 Nd7 31. Rf1 Re7 32. Rf5 g6 33. Rd5 a5 34. h3 Rc7 35. Kh2 $2 (35. Bc4) 35... Kg7 36. Ba2 Re3 37. Bc4 Nf6 38. Rd8 Ne4 39. Rd5 h5 40. Bb5 {[#]} Rxd3 $1 {[%mdl 64] Remove Defender} 41. Bxd3 Nxc5 {[%mdl 64] Double Attack} 42. Rxd4 Nxa4 {[%mdl 4096] Endgame KRB-KRN} 43. b3 Nb2 44. Be4 Rc3 45. Rd5 Rxb3 46. Rxa5 Nc4 47. Ra7 {If only White now had time for Bd5....} Ne3 48. Bc6 Rb2 49. Re7 Nf5 50. Rb7 Nd6 51. Rd7 Rd2 {Threatens to win with ...b3.} 52. Ba4 Rd3 53. Bc2 Rc3 54. Bxg6 $2 (54. Bd1 Rc6 55. Ba4) 54... Kxg6 55. Rxd6+ {KR-KR} f6 56. Rb6 $2 (56. Rd5) 56... b3 57. Rb5 h4 58. Rb4 Kg5 59. Kg1 Rc1+ 60. Kf2 Rb1 61. Rg4+ {[#]} Kh5 $1 62. Rb4 f5 63. Rb6 Kg5 64. g3 $2 (64. Ke3 $19) 64... hxg3+ {Black mates.} 65. Kxg3 b2 66. Kg2 f4 67. Rb3 {[#]} f3+ $1 {[%mdl 576] Promotion. Accuracy: White = 34%, Black = 80%.} 0-1

[Event "5th Ordu Open 2019"]
[Site "Ordu"]
[Date "2019.04.29"]
[Round "1.11"]
[White "Pacher, Milan"]
[Black "Acar, Utku Cengiz"]
[Result "1-0"]
[WhiteElo "2391"]
[BlackElo "2086"]
[Annotator "TA"]
[PlyCount "83"]
[EventDate "2019.04.29"]
[EventType "swiss"]
[EventCountry "TUR"]
[SourceTitle "playchess.com"]
[Source "ChessBase"]
[SourceQuality "1"]

{[%evp 11,82,32,31,27,39,25,38,28,25,24,45,-32,-33,-37,-41,-22,0,-6,-8,7,-6,0,0,-16,0,0,0,-65,-50,-71,-66,-56,81,-118,151,-54,82,82,77,42,56,53,47,51,16,0,60,70,56,-53,-55,-85,0,0,0,0,687,673,5202,5194,5122,5122,12827,29959,29980,29981,29992,29993,29997,29998,29998,29999,29999]} 1. e4 c5 2. Nf3 e6 3. d4 cxd4 4. Nxd4 Nc6 5. Nc3 Qc7 6. Be3 a6 7. Qf3 {B48: Sicilian: Taimanov: 5 Nc3 Qc7 6 Be3 a6 without Be2} d6 (7... Nf6 8. O-O-O Ne5 9. Qg3 b5 10. f4 Neg4 11. Bd2 b4 12. Na4 h5 13. Bd3 d5 14. e5 Ne4 15. Bxe4 dxe4 {½-½ (48) Caruana,F (2832)-Shankland,S (2724) Germany 2019}) 8. O-O-O Bd7 9. Qg3 {White is slightly better.} Nf6 10. f4 b5 {next ...b4 is good for Black.} 11. e5 ({White should play} 11. Bd3 $1 $14) 11... dxe5 $15 12. fxe5 Qxe5 13. Bf4 $1 {[%cal Rf4e5]} Qc5 14. Nb3 $146 ({Predecessor:} 14. Be3) 14... Qh5 15. Be2 Qg6 $1 16. Qf2 Nb4 {[%csl Gb4][%cal Rg6c2]} 17. Bf3 Rc8 18. Rhe1 {a3 is the strong threat.} Bc6 19. Re2 (19. a3 $11 Bxf3 20. gxf3) 19... Be7 20. Qa7 Qf5 21. Be5 $1 {[%cal Re5f6]} Nfd5 (21... Bxf3 $15 {keeps the upper hand.} 22. gxf3 Nc6 23. Qxa6 {[%mdl 64] Double Attack} O-O 24. Qxb5 Qxf3) 22. a3 $2 (22. Kb1 $16 {and life is bright.} Ra8 23. Qf2 Nxc3+ 24. Bxc3 Bxf3 25. gxf3) 22... Nxc2 $2 {[%mdl 8192]} (22... Ra8 $17 23. Qg1 Nxc3 24. bxc3 Qg5+ 25. Kb2 Bxf3 26. gxf3 Qxg1 27. Rxg1 Nd5 28. Rxg7 Rc8) 23. Rxc2 $2 (23. Bxg7 $16 Bg5+ 24. Kb1 Nce3+ 25. Ne4 Nxd1 26. Qxa6) 23... Qxe5 (23... O-O $1 $15 {stays ahead.} 24. Qxa6 Qxe5 25. Nxd5 Bxd5 26. Rxc8 Bxb3) 24. Nxd5 $16 exd5 25. Bxd5 Bd7 {Strongly threatening ...Rxc2+.} 26. Rxc8+ Bxc8 27. Bc6+ Kf8 {[#]} 28. Qa8 $1 {[%cal Ra8c8][%mdl 512]} Bg5+ ({Black should try} 28... Qf5 $1 $11 29. Be4 Qg4) 29. Kb1 $14 Ke7 $1 {And now ...Bf5+ would win.} 30. Qa7+ (30. Rd5 $1 $14 Qe3 31. Ka2) 30... Kf6 $1 $15 {Hoping for ...Be3.} 31. Bd5 {[%csl Gd5][%cal Ra7f7] [#]} Be6 ({Better is} 31... Kg6 $1 $17 32. Bxf7+ Kh6) 32. Bxe6 $11 Qxe6 33. Nd4 $40 {[%mdl 128] White is up to no good.} Qd6 $2 {[%mdl 8192]} (33... Be3 $11) 34. Rf1+ $18 Ke5 35. Rf5+ {[%mdl 64] Double Attack} Ke4 36. Rxg5 f5 37. Rxg7 Rd8 {White mates.} 38. Re7+ Kd3 39. Nxf5 Qg6 40. Qe3+ Kc4 41. Qc3+ Kd5 42. Re5# {Accuracy: White = 50%, Black = 39%.} 1-0

[Event "5th Ordu Open 2019"]
[Site "Ordu"]
[Date "2019.04.29"]
[Round "1.12"]
[White "Ozturk, Efe Hakan"]
[Black "Kamer, Kayra"]
[Result "0-1"]
[WhiteElo "2109"]
[BlackElo "2379"]
[Annotator "TA"]
[PlyCount "72"]
[EventDate "2019.04.29"]
[EventType "swiss"]
[EventCountry "TUR"]
[SourceTitle "playchess.com"]
[Source "ChessBase"]
[SourceQuality "1"]

{[%evp 9,94,-6,31,28,26,0,7,3,0,0,19,-11,-11,-23,-7,-18,29,8,168,156,162,156,156,160,152,105,108,112,106,114,112,101,109,54,22,-52,0,-559,-525,-532,-533,-29989,-550,-587,-565,-892,-878,-29987,-1383,-1164,-733,-712,-706,-630,-597,-1227,-1188,-1196,-1181,-1013,-1104,-1346,-909,-913,-899,-1002,-997,-964,-951,-907,-905,-878,-878,-961,-849,-933,-956,-1883,-1213,-6053,-5228,-29981,-29981,-29989,-29990,-29990,-29991]} 1. Nf3 g6 2. g3 Bg7 3. d4 c5 4. Bg2 cxd4 5. Nxd4 Qb6 (5... Nc6 6. Nxc6 dxc6 7. Qxd8+ Kxd8 8. Nc3 Kc7 9. Bd2 h5 10. O-O-O h4 11. Ne4 Bg4 12. Nc5 Rh5 13. Bf4+ Be5 14. Nd3 Bxf4+ 15. Nxf4 {½-½ (50) Dreev,A (2670)-Xiong,J (2672) chess.com INT 2019}) 6. Nb3 {A40: Unusual replies to 1 d4} Nc6 7. Be3 $146 (7. Nc3 {seems wilder.} d6 8. Nd5 Qd8 9. e4 Nf6 10. O-O) ({Predecessor:} 7. O-O Nf6 8. c4 d6 9. Be3 Qd8 10. Nc3 O-O 11. h3 Be6 12. Nd5 Qd7 13. Kh2 Ne5 14. Rc1 Rfc8 15. Na5 b6 16. Nxf6+ Bxf6 17. f4 bxa5 18. fxe5 Bxe5 19. Bxa8 Rxa8 {0-1 (31) Ganzhurov,R (2317)-Arun Prasad,S (2530) Moscow 2012}) 7... Qd8 8. Qc1 {The position is equal.} d6 9. O-O Be6 10. Na3 h5 11. h4 Nh6 12. c3 Nf5 13. Bf4 g5 $2 (13... Nh6 $11) 14. Bxg5 $18 Qb6 15. e4 Nxg3 {Threatens to win with ...Ne2+.} 16. Re1 {Black must now prevent Be3.} Be5 17. Qe3 f6 18. Qxb6 $1 axb6 19. Be3 Nxe4 20. Bxe4 Rg8+ 21. Kh1 ({Better is} 21. Kf1 $16) 21... Rg4 $14 22. Bxb6 (22. f4 $11 Rxa3 23. bxa3 (23. fxe5 Ra4 $14) 23... Bxc3 24. Bf3 (24. Bxb6 Bxa1 25. Nxa1 Rxf4 $11) 24... Rxh4+ 25. Kg2 Bxa1 26. Rxa1 (26. Nxa1 Kd7 $16)) 22... Kd7 $40 {[%mdl 128] Black mounts an attack.} (22... Kf7 $1 $15 23. Nd2 Rxh4+ 24. Kg1 Bh3) 23. Bf3 $2 {[%mdl 8192]} (23. f3 $1 $11 {and White has nothing to worry.} Rxh4+ 24. Kg1) 23... Rxh4+ $19 24. Kg1 {[#]} Bh3 $1 {And now ...Rg8+ would win.} 25. Bd5 e6 (25... Rg8+ $142 26. Bxg8 Rg4+ {[%mdl 64] Double Attack} 27. Kh1 Bg2+ 28. Kg1 Bf3+ 29. Kf1 Rh4 30. Be6+ Ke8 31. Bd7+ {[%mdl 64] Decoy} Kxd7 32. Nc5+ Ke8 33. Nxb7 Rh1#) 26. f4 Rxf4 27. Bxc6+ Kxc6 28. Na5+ Kxb6 (28... Kd7 $142 29. Kh1 Bf5 30. N5c4 Rh4+ 31. Kg2 Rg8+ 32. Kf3 Rg3+ 33. Ke2 Bg4+ 34. Kd2 {[#]} Bxc3+ $1 {[%mdl 512]} 35. Kc2 Rh2+ 36. Kb3 Bxe1+ 37. Ka4 Bf2 38. b3 d5 39. Bxf2 Rxf2 40. Nb6+ Kd8 41. Rc1 Rxa2 42. Kb4 h4 43. Rc8+ Ke7 44. Rc7+ Kf8 45. Rh7 Kg8 46. Rxh4 Bd1 47. Kc5 Rxb3 48. Nd7 Raxa3 49. Kd6 Kf7 50. Rf4 Ra6+ 51. Kc7 f5 52. Rh4 Rc3+ 53. Kb8 b5 54. Rh7+ Kg6 55. Nf8+ Kg5 56. Rg7+ Kf6 57. Rb7 f4 58. Nh7+ Ke5 59. Ng5 Kf5 60. Rh7 Kxg5 61. Rg7+ Kf6 62. Rh7 f3 63. Rh6+ Kg5 64. Rh1 Be2 65. Rh2 Bd1 66. Kb7 Rcc6 67. Rh8 b4 68. Rg8+ Kf4 69. Rh8 b3 70. Rh2 Rab6+ 71. Ka8 b2 72. Rh7 b1=Q 73. Rf7+ Ke3 74. Rb7 Rc8+ 75. Ka7 Rxb7+ 76. Ka6 Qb6#) 29. N5c4+ Kc6 30. Nxe5+ fxe5 31. Kh2 Bf5 {( -> ...Rg8)} 32. Rf1 Rh4+ 33. Kg3 Rh3+ 34. Kf2 Rh2+ 35. Ke3 Rxb2 36. Nc4 Rbxa2 {Played: Rb2-c2} 0-1

[Event "5th Ordu Open 2019"]
[Site "Ordu"]
[Date "2019.04.29"]
[Round "1.13"]
[White "Tanriverdi, Enes"]
[Black "Kizilkus, Akin"]
[Result "1-0"]
[WhiteElo "2348"]
[BlackElo "2018"]
[Annotator "TA"]
[PlyCount "113"]
[EventDate "2019.04.29"]
[EventType "swiss"]
[EventCountry "TUR"]
[SourceTitle "playchess.com"]
[Source "ChessBase"]
[SourceQuality "1"]

{[%evp 13,113,41,45,40,56,56,56,58,52,64,83,50,36,40,98,83,95,53,100,48,106,77,102,84,98,37,63,-49,0,0,0,-17,7,0,-9,-30,-41,-35,50,37,112,0,-8,-6,-14,-16,0,0,0,-52,-53,-87,0,0,107,91,106,0,0,-167,-172,-277,-268,-336,-247,-336,-338,-697,-678,-680,-643,-530,-96,-78,0,0,0,0,0,0,0,0,12,0,445,445,29970,29967,5097,8,29976,29977,29977,29978,29978,29979,29979,29980,29980,29981,29982,29983]} 1. c4 Nf6 2. d4 g6 3. Nc3 Bg7 4. e4 d6 5. Be2 O-O 6. Be3 e5 7. d5 Na6 8. g4 {E73: King's Indian: Averbakh Variation without 6...c5} Nc5 9. f3 $1 a5 10. h4 {White is slightly better.} h5 11. g5 Nh7 12. Kd2 Bd7 13. Kc2 $146 ({Predecessor:} 13. Nh3 c6 14. Nf2 cxd5 15. exd5 f5 16. gxf6 Nxf6 17. Bxc5 dxc5 {0-1 (37) Vallejo Pons,F (2705)-Radjabov,T (2741) Palma de Mallorca 2017}) 13... f6 (13... c6 $14) 14. gxf6 $16 Bxf6 15. Qe1 Kh8 16. Qg3 (16. Bxc5 $16 {Hoping for Be3.} dxc5 17. Bf1) 16... Rg8 (16... Na4 $1 $14) 17. Qf2 Qe7 18. Re1 a4 19. Bd1 (19. Bf1 $16) 19... c6 20. f4 (20. a3 $14) 20... exf4 (20... a3 $5 {[%cal Rc5e4]} 21. Bxc5 dxc5 $15) 21. Bxc5 $1 dxc5 22. e5 $1 {[%cal Re5f6]} Bf5+ (22... Bxe5 $2 23. Nf3 $18) 23. Kc1 Bg7 $1 24. Nf3 a3 25. b3 $1 b5 ({Black should try} 25... Bg4 $15) 26. d6 $14 Qa7 (26... Qb7 $14) 27. Ne4 (27. Bc2 $16) 27... bxc4 $11 28. Qxc5 cxb3 29. Bxb3 Rge8 ({Not} 29... Bxe4 $2 30. Qxa7 Rxa7 31. Rxe4 $18) 30. Qxa7 Rxa7 31. Ned2 (31. Neg5 $11) 31... Nf8 $15 32. Nc4 Ne6 (32... Nd7 $1 $17 33. Nd4 Nxe5 34. Nxf5 gxf5) 33. Bc2 $11 Bxc2 (33... Bg4 $11 {keeps the balance.} 34. Rhf1 Rb7) 34. Kxc2 $16 Ra4 35. Nb6 (35. Kd3 $16) 35... Rb4 $11 36. d7 $2 (36. Rb1 $11 Nd4+ 37. Nxd4 Rxd4 38. Nd7) 36... Rb2+ $1 $19 ({Don't play} 36... Rb8 37. Nc8 $15) 37. Kc3 (37. Kc1 $142 Re7 38. Ng5) 37... Rd8 $1 38. Rb1 Rxa2 39. Rhe1 Rg2 {And now ...Rg3 would win.} 40. Nd4 $2 (40. Kc4 a2 41. Ra1 Rc2+ 42. Kb3) 40... Nxd4 41. Kxd4 a2 42. Ra1 {and the idea Kc4 leaves White hopeful.} Rb2 $2 (42... f3 $19 {is more deadly. ...Rb2 is the strong threat.} 43. Kd3 f2) 43. Kc5 Rb5+ ({Better is} 43... Bf8+ $17 44. Kxc6 Rc2+ 45. Kb7 f3) 44. Kxc6 $11 Rxe5 45. Rxe5 Bxe5 46. Rxa2 {[%mdl 4096] Endgame Threatens to win with Nd5. KRB-KRN} f3 47. Nc4 Bg3 {aiming for ...f2.} 48. Nd6 {Black must now prevent Nf7+.} Bxd6 $2 {[%mdl 8192]} (48... f2 $11 {and Black is okay.} 49. Ra1 Kg7) 49. Kxd6 {KR-KR} g5 (49... Rf8 $18 50. Rc2 (50. Ke7 Kg7 $11) 50... f2 51. Rxf2 {[%mdl 64] Deflection, Promotion} Rxf2 52. d8=Q+ Kg7 53. Qe7+ Rf7) 50. hxg5 Kg7 {[#]} 51. Ke7 $2 ({Only move:} 51. Kc7 $1 $18 {[%cal Rc7d8]} Rf8 52. Rf2) 51... Rxd7+ $2 {[%mdl 8192]} (51... Rf8 $11) 52. Kxd7 {KR-KPP. White mates.} Kg6 53. Ke6 Kxg5 {[#]} 54. Ke5 $1 {[%cal Re5e4]} Kg4 55. Ke4 h4 56. Ke3 Kg3 57. Ra8 {Accuracy: White = 46%, Black = 39%.} 1-0

[Event "5th Ordu Open 2019"]
[Site "Ordu"]
[Date "2019.04.29"]
[Round "1.14"]
[White "Ozsakallioglu, Akin"]
[Black "Lortkipanidze, Nodar"]
[Result "0-1"]
[WhiteElo "2065"]
[BlackElo "2320"]
[Annotator "TA"]
[PlyCount "100"]
[EventDate "2019.04.29"]
[EventType "swiss"]
[EventCountry "TUR"]
[SourceTitle "playchess.com"]
[Source "ChessBase"]
[SourceQuality "1"]

{[%evp 9,100,-17,-4,-41,33,30,19,32,45,16,6,15,59,50,68,72,79,63,75,65,189,202,174,164,153,152,266,248,306,306,298,303,341,325,333,337,329,321,458,237,555,545,499,230,247,197,193,165,145,152,159,181,171,74,63,28,86,62,65,0,92,87,268,254,404,386,465,458,670,652,724,722,656,500,540,529,615,636,658,664,626,657,636,626,657,652,649,625,613,578,552,532,489]} 1. e4 d6 2. d4 Nf6 3. Nc3 e5 4. Nf3 Nbd7 5. g4 (5. Bc4 Be7 6. a4 O-O 7. O-O c6 8. Re1 b6 9. h3 a6 10. Ba2 Rb8 11. Be3 b5 12. axb5 axb5 13. b4 Bb7 14. Bb3 exd4 15. Nxd4 d5 16. exd5 Bxb4 17. Bd2 cxd5 18. Ncxb5 Bxd2 19. Qxd2 {½-½ (30) Kryvoruchko,Y (2705)-Laznicka,V (2671) Brest 2018}) 5... Nxg4 6. Rg1 {C41: Philidor Defence} (6. Bg5 $5 {[%cal Rg5d8]} Ngf6 7. Qd3 $11) 6... exd4 (6... Ngf6 $1 $15) 7. Nxd4 $14 Nde5 8. h3 {The position is equal.} Nf6 9. Be3 g6 10. f4 Nc6 11. Qf3 $36 {[%mdl 2048] Black is under pressure.} Nxd4 $146 ({Predecessor:} 11... Bh6 12. Nxc6 bxc6 {0-1 (25) Abergel,T (2474)-Seret,J (2376) France 2006}) 12. Bxd4 Bg7 13. O-O-O {[%mdl 1024] White has strong compensation.} O-O 14. h4 h5 (14... Bd7 $14) 15. f5 $18 Ng4 16. Bh3 {[#] aiming for Bxg7.} Bxd4 (16... Qxh4 $2 17. Bxg7 Nh2 18. Qe2 $18) 17. Rxd4 Ne5 (17... Qf6 $16 18. Rd2 Ne5 19. Qxh5 Qh8 20. Qxh8+ Kxh8) 18. Qxh5 $1 {[%cal Rf5g6]} Kg7 {next ...Rh8 is good for Black.} 19. Nd5 Rh8 20. f6+ Kg8 21. Ne7+ Qxe7 22. fxe7 Bxh3 23. Qd1 {Threatens to win with Rxd6!} Rxh4 (23... Re8 {was worth a try.} 24. h5 Bd7) 24. Rh1 (24. Rb4 $142 Re8 25. Rxb7 Rxe7 26. Qe1) 24... Re8 $2 (24... Bg4 {is more resistant.}) 25. Qe1 Rh5 {intending ...Nf3.} 26. Qg3 (26. Qc3 $142) 26... Bg4 27. Rxh5 gxh5 28. Rb4 b6 29. Ra4 a5 30. b4 axb4 {[#]} 31. Qh4 (31. Ra7 $1 $18 {[%cal Ra7c7] and White stays clearly on top.} Rxe7 32. Qh4) 31... Kg7 $16 32. Rxb4 Ng6 (32... f6 $11) 33. Qg5 Rxe7 34. Ra4 ({Better is} 34. Qd2 $14) 34... Bf3 (34... Re5 $11 {remains equal.} 35. Qd8 h4) 35. Qe3 b5 $2 (35... Bg4 $16) 36. Rb4 $18 ({Not} 36. Qxf3 bxa4 37. Qxh5 Rxe4 $11) 36... c5 (36... Bg2 $142 37. Qe2 Bh3 38. Qxh5 Bd7) 37. Rxb5 ({Weaker is} 37. Qxf3 cxb4 38. Qxh5 Rxe4 $16) 37... Bxe4 38. Rb6 {White is clearly winning.} Bg2 (38... Re6 $142 39. a4 h4 40. Qc3+ Kh7) 39. Qg5 Bf3 40. Rxd6 Re6 41. Rd3 Re5 42. Qg3 Be4 43. Rd6 Rf5 44. a4 {[%cal Ba2a4,Ba4a5][%mdl 32]} h4 45. Qg4 Rf1+ 46. Kb2 Bf5 47. Qg2 Rf4 48. Qg5 {Strongly threatening Rxg6+!} Be6 49. a5 h3 50. Rd1 Rb4+ {[%mdl 32768] Accuracy: White = 61%, Black = 31%. . Loss on time!?} 0-1

[Event "5th Ordu Open 2019"]
[Site "Ordu"]
[Date "2019.04.29"]
[Round "1.15"]
[White "Sevgi, Volkan"]
[Black "Yigit, Ahmet Yasir"]
[Result "1-0"]
[WhiteElo "2309"]
[BlackElo "1976"]
[Annotator "TA"]
[PlyCount "103"]
[EventDate "2019.04.29"]
[EventType "swiss"]
[EventCountry "TUR"]
[SourceTitle "playchess.com"]
[Source "ChessBase"]
[SourceQuality "1"]

{[%evp 11,103,6,19,7,28,17,8,0,0,0,0,0,29,27,27,6,18,0,2,0,7,0,64,64,79,58,67,72,54,-116,-8,-250,-260,-226,-21,-17,-16,-102,-94,-92,-103,-94,-87,-115,-112,-113,-115,-143,-144,-145,-139,-426,53,66,58,-7,-8,-237,-225,-200,-79,-72,-18,-76,-70,-67,-62,-58,0,0,0,0,0,0,0,-17,0,0,0,0,8,0,0,0,0,0,64,0,766,748,738,711,29990,29991]} 1. Nf3 d5 2. g3 c6 3. Bg2 Nf6 4. b3 Bf5 5. Bb2 e6 6. O-O Be7 7. d3 {A07: Réti Opening: New York and Capablanca Systems} Nbd7 (7... O-O 8. Nh4 Bg4 9. h3 Bh5 10. g4 Nfd7 11. Nf3 Bg6 12. Nbd2 a5 13. a3 Bf6 14. d4 Na6 {1-0 (58) Caruana,F (2822)-Aronian,L (2767) chess.com INT 2018}) 8. Nbd2 O-O 9. Re1 {The position is equal.} h6 10. e4 dxe4 11. dxe4 Bh7 12. Qe2 Qc7 13. a3 Rfd8 14. Rad1 a5 15. Nd4 $146 ({Predecessor:} 15. e5 Nd5 16. Ne4 Bf8 {1-0 (36) Firouzja,A (2455)-Khamisi,S (2279) Teheran 2016}) 15... Bc5 16. Nc4 b5 (16... e5 $11 17. Nf5 b5) 17. e5 $14 Nd5 18. Nd6 $1 b4 19. axb4 axb4 20. Qg4 $2 {[#]} (20. Nxf7 $1 $14 {was the only good move.} Kxf7 21. Qf3+ Ke7 22. Qg4 {[%mdl 64] Double Attack}) 20... Nf8 (20... Nxe5 $1 $17 {[%mdl 512]} 21. Rxe5 Nf6) 21. Ne4 $2 (21. Bxd5 $1 $11 {and White is okay.} cxd5 22. N4b5) 21... Bxe4 $1 $19 22. Bxe4 Ne7 $2 (22... Ra2 $19 23. Bxd5 Rxd5) 23. Nf3 $11 Qb6 24. Kg2 (24. Bd4 $1 $11) 24... Bxf2 $17 25. Rxd8 Rxd8 26. Re2 Be3 27. Bd3 Nd5 28. Kh3 Ra8 29. Bc4 Ra2 30. Bd4 Bxd4 31. Nxd4 $4 {[%mdl 8192] [#]} (31. Qxd4 $17 Qa5 32. Rf2) 31... Nh7 $2 {[#]} (31... h5 $1 $19 {[%mdl 512]} 32. Qe4 (32. Qxh5 Qxd4) 32... Nc3 {[%mdl 64] Double Attack}) 32. Nxe6 $1 $14 {[%csl Ge6][%cal Rg4g7][%mdl 512]} g6 {...h5 is the strong threat.} (32... fxe6 33. Qxe6+) 33. Bxd5 (33. Nd4 $14 Ng5+ 34. Kg2) 33... cxd5 $11 34. Nf4 $2 (34. Nd4 $11 {and White has nothing to worry.} Ng5+ 35. Kg2) 34... Ng5+ $19 35. Kg2 Ra1 (35... Qc6 $1 $19 {and Black stays clearly on top.} 36. e6 f5) 36. Nh3 $17 {[#]} Ne4 (36... Ne6 $1 $17) 37. Nf2 {[#]} (37. Qf3 $11 {remains equal.}) 37... Nc3 $1 {[%cal Rc3e2]} 38. Rd2 $1 Re1 $1 39. Qd4 Qb5 ({Black should try} 39... Rg1+ $15 40. Kf3 (40. Kxg1 Ne2+ {[%mdl 64] Deflection} 41. Rxe2 Qxd4 $17) 40... Qe6) 40. Nd3 $11 Re4 41. Qa7 Qc6 {Threatens to win with ...d4.} 42. Rf2 Qe8 43. Qa1 Qc6 {And now ...d4 would win.} 44. Qa7 Qe8 45. Kh1 $40 {[%mdl 128] White attacks.} Nd1 46. Rf3 Kg7 47. Qb7 Ne3 48. Kg1 Kg8 (48... h5 $11) 49. Rf6 (49. Nc5 $1 $14 Rxe5 50. Nd7) 49... Ng4 $2 {[%mdl 8192]} (49... Kg7 $11) 50. Ra6 $18 Kg7 51. Ra8 Qe6 52. Qb8 {Accuracy: White = 43%, Black = 46%.} 1-0